Zborník zo Stretnutia priateľov histórie Novohradu jubilejná časť I.

Bibliographic Details
Corporate Author: Stretnutie priateľov histórie Novohradu Lučenec, Hradište, Slovensko (Author)
Other Authors: Šesták, Michal (Compiler)
Format: Conference Proceeding Book
Language:Slovak
PhysicalDescription:324-751 strán faksimile, fotografie, ilustrácie, portréty, tabuľky 22 cm
Published: [Hradište] Priatelia histórie Novohradu 2025
ISBN:9788069055100
Subjects:

MARC

LEADER 00000nam a2200000 4500
003 SK-MaSNL
005 20260414143201.0
008 260414s2025 xo hoa frn 101 0 slo
020 |a 9788069055100  |q (viazané) 
038 |a SNK 
040 |a SNK  |b slo  |c SNK  |e rda 
041 0 |a slo 
043 |a e-xo--- 
044 |a xo  |c SK 
072 7 |a 930  |x Historická veda. Pomocné vedy historické. Archívnictvo  |2 konspekt 
072 7 |a 93/94  |x Dejiny (všeobecne)  |2 konspekt 
080 |a 93/94-027.541  |2 2011 
080 |a 930  |2 2011 
080 |a (437.6)  |2 2011 
080 |a (062.534)  |2 2011 
111 2 |a Stretnutie priateľov histórie Novohradu  |n (11. :  |d 2025 :  |c Lučenec, Hradište, Slovensko)  |4 aut  |9 331001 
245 1 0 |a Zborník zo Stretnutia priateľov histórie Novohradu  |p jubilejná časť I.  |c zostavil: Mišo Šesták 
246 3 4 |a Zborník z jedenásteho ročníka Stretnutia priateľov histórie Novohradu  |b Lučenec 27. november 2025 : Lučenec 29. november 2025 
246 1 |i Podnázov v tiráži:  |a Hradište ročník XI.: Lučenec 27. november 2025 : Lučenec 29. november 2025 
264 1 |a [Hradište]  |b Priatelia histórie Novohradu  |c 2025 
300 |a 324-751 strán  |b faksimile, fotografie, ilustrácie, portréty, tabuľky  |c 22 cm 
336 |a text  |b txt  |2 rdacontent 
337 |a bez média  |b n  |2 rdamedia 
338 |a zväzok  |b nc  |2 rdacarrier 
500 |a Vydalo občianske združenie Priatelia histórie Novohradu v spolupráci s Mestským múzeom Lučenec a občianskym združením Novohradský historický spolok 
500 |a Miesto vydania podľa NA ISBN 
500 |a Samostatne nepredajné 
504 |a Obsahuje bibliografiu za jednotlivými príspevkami, bibliografické odkazy a miestny register novohradských obcí 
650 0 7 |a regionálne dejiny  |2 SNKPH  |9 63645 
650 0 7 |a historiografia  |2 SNKPH  |9 3848 
650 0 7 |a Regional history  |2 SNKPHeng  |9 266493 
650 0 7 |a Historiography  |2 SNKPHeng  |9 266534 
651 7 |a Novohrad (Slovensko : región)  |2 SNKPHgeo  |9 169944 
651 7 |a Novohrad (Slovakia : region)  |2 SNKPHeng  |9 157213 
651 7 |a Malohont (Gemer, Slovakia : region)  |2 SNKPHeng  |9 267983 
651 7 |a Malohont (Gemer, Slovensko : región)  |2 SNKPHgeo  |9 172288 
655 7 |a zborníky konferencií  |2 SNKPH  |9 70153 
655 7 |a Proceedings of conferences  |2 SNKPHeng  |9 265791 
700 1 |a Šesták, Michal  |4 com  |4 bkd  |9 331002 
710 2 |a Mestské múzeum (Lučenec, Slovensko)  |4 pbl  |9 235153 
710 2 |a Novohradský historický spolok (Závada, Slovensko)  |4 pbl  |9 207685 
852 |a Slovenská národná knižnica 
919 |a 978-80-69055-10-0 
954 |a odborná, vedecká literatúra pôvodná (slovenská)  |2 lita 
958 |a NB 
999 |c 3368708  |d 3370638 
952 |t 1  |a SNK  |b SNK  |y NEVYP  |7 1  |p 17A1509161  |o snkSC 213972  |i snk2026/5363  |8 0  |g 0.00  |0 0  |1 0  |2 udc  |4 0  |d 2026-04-14  |l 0  |r 2026-04-14 14:33:17  |w 2026-04-14 
952 |t 2  |a SNK  |b SNK  |y VYP  |7 0  |p 17A1509162  |o snkSC 213972 D1  |i snk2026/5364  |8 0  |g 0.00  |0 0  |1 0  |2 udc  |4 0  |d 2026-04-14  |l 0  |r 2026-04-14 14:33:00  |w 2026-04-14